000 01003nam a22002537a 4500
005 20170413115840.0
010 _a1516EN07 ENG-114596
020 _a9789350145739
_c385.00
035 _aEN-98128
035 _aB-602316-346
035 _aB-667573
037 _adpl
_bKBD/Ven
037 _bDBAD/PUB
082 _a629.2
100 _aKumar, D.S.
245 _aAutomobile engineering /
_cby D.S.Kumar
260 _aNew Delhi
_bS.K.Kataria
_c2015
270 _a4885/109, Prakash Mahal,Dr. Subhash Bhargav Lane, Daryaganj,
_bNew Delhi
_e110002
300 _a609p. :
_c24cm(pbk)
_bill.
500 _aIncludes bibliographical references and index
942 _2ddc
_cEN
_mKUM
_h629.2
999 _c95886
_d95886